Statistics for Eli Young Band Charting Songs (Billboard Hot 100)

Click here to take the quiz!

General Stats

  • This quiz has been taken 6 times
  • The average score is 2 of 6

Answer Stats

AlbumWeeks OnPeakSong% Correct
This is Eli Young Band: Greatest Hits18 Weeks#50Love Ain't
100%
Life at Best20 Weeks#29Even If It Breaks Your Heart
50%
Life at Best36 Weeks#30Crazy Girl
25%
10,000 Towns20 Weeks#41Drunk Last Night
25%
Jet Black & Jealous11 Weeks#69Always the Love Songs
25%
10,000 Towns9 Weeks#79Dust
0%

Score Distribution

Percentile by Number Answered

Percent of People with Each Score

Your Score History

You have not taken this quiz